[Event "DEM U16 2020"]
[Site "Willingen GER"]
[Date "2020.10.23"]
[Round "6"]
[White "Reimer, Philip"]
[Black "Khachatryan, Taron"]
[Result "1/2-1/2"]
[Termination "normal"]
[Board "9"]
[WhiteElo "1984"]
[BlackElo "2136"]
[WhiteClock "00:24:00"]
[BlackClock "00:30:21"]
[PlyCount "90"]
[WhiteFideId "16235860"]
[BlackFideId "16216598"]
[EventCountry "GER"]
[EventRounds "7"]
[EventType "swiss"]
[EventDate "2020.10.19"]

1. e4 {[%clk 1:30:55]} c5 {[%clk 1:30:50]} 2. Nf3 {[%clk 1:31:19]} d6 {[%clk
1:31:14]} 3. d4 {[%clk 1:31:28]} cxd4 {[%clk 1:31:39]} 4. Nxd4 {[%clk 1:31:52]}
Nf6 {[%clk 1:32:01]} 5. Nc3 {[%clk 1:32:16]} a6 {[%clk 1:32:25]} 6. Bg5 {[%clk
1:32:40]} e6 {[%clk 1:32:50]} 7. f4 {[%clk 1:33:07]} Qb6 {[%clk 1:33:12]} 8.
Qd3 {[%clk 1:33:30]} Qxb2 {[%clk 1:31:57]} 9. Rb1 {[%clk 1:33:56]} Qa3 {[%clk
1:32:19]} 10. f5 {[%clk 1:34:17]} Nc6 {[%clk 1:29:25]} 11. fxe6 {[%clk
1:21:59]} fxe6 {[%clk 1:29:44]} 12. Nxc6 {[%clk 1:21:08]} bxc6 {[%clk 1:29:58]}
13. Bxf6 {[%clk 0:50:25]} gxf6 {[%clk 1:30:17]} 14. e5 {[%clk 0:50:41]} dxe5
{[%clk 1:24:30]} 15. Be2 {[%clk 0:28:05]} Bb4 {[%clk 1:21:36]} 16. Rb3 {[%clk
0:26:47]} Qc1+ {[%clk 1:20:51]} 17. Bd1 {[%clk 0:27:04]} Bxc3+ {[%clk 1:10:45]}
18. Qxc3 {[%clk 0:27:23]} O-O {[%clk 1:04:41]} 19. O-O {[%clk 0:27:36]} Qh6
{[%clk 1:01:37]} 20. Qxc6 {[%clk 0:19:37]} Ra7 {[%clk 1:01:02]} 21. Bg4 {[%clk
0:13:26]} f5 {[%clk 0:45:24]} 22. Bxf5 {[%clk 0:06:36]} Raf7 {[%clk 0:45:30]}
23. Rg3+ {[%clk 0:03:40]} Kh8 {[%clk 0:44:45]} 24. Bd3 {[%clk 0:04:09]} Rxf1+
{[%clk 0:41:18]} 25. Bxf1 {[%clk 0:04:38]} Qd2 {[%clk 0:39:32]} 26. Rf3 {[%clk
0:03:38]} Qd4+ {[%clk 0:39:43]} 27. Kh1 {[%clk 0:03:58]} Qd8 {[%clk 0:38:51]}
28. Rxf8+ {[%clk 0:03:29]} Qxf8 {[%clk 0:38:35]} 29. Bxa6 {[%clk 0:02:21]} Bxa6
{[%clk 0:38:51]} 30. Qxa6 {[%clk 0:02:49]} Qf4 {[%clk 0:38:42]} 31. Qc8+ {[%clk
0:02:33]} Kg7 {[%clk 0:39:02]} 32. Qd7+ {[%clk 0:02:49]} Kh8 {[%clk 0:38:35]}
33. Qe8+ {[%clk 0:02:34]} Kg7 {[%clk 0:39:03]} 34. Qd7+ {[%clk 0:02:54]} Kh8
{[%clk 0:39:24]} 35. Qd1 {[%clk 0:02:57]} Qb4 {[%clk 0:35:20]} 36. Qd8+ {[%clk
0:02:44]} Kg7 {[%clk 0:35:33]} 37. Qg5+ {[%clk 0:03:06]} Kf7 {[%clk 0:35:36]}
38. Qh5+ {[%clk 0:03:21]} Kg8 {[%clk 0:35:09]} 39. Qe8+ {[%clk 0:02:27]} Kg7
{[%clk 0:35:22]} 40. Qd7+ {[%clk 0:02:47]} Kf6 {[%clk 0:32:23]} 41. Qd1 {[%clk
0:01:00]} Kg7 {[%clk 0:32:36]} 42. Qa1 {[%clk 0:00:42]} Qa5 {[%clk 0:30:02]}
43. a4 {[%clk 0:00:35]} Kf7 {[%clk 0:30:15]} 44. h3 {[%clk 0:00:44]} e4 {[%clk
0:30:21]} 45. Kg1 {[%clk 0:24:00]} Qc5+ 1/2-1/2

[Event "DEM U16 2020"]
[Site "Willingen GER"]
[Date "2020.10.23"]
[Round "6"]
[White "Skabs, Denis"]
[Black "Mainka, Alwin"]
[Result "1/2-1/2"]
[Termination "normal"]
[Board "10"]
[WhiteElo "1875"]
[BlackElo "1954"]
[WhiteClock "00:00:40"]
[BlackClock "00:28:47"]
[PlyCount "70"]
[WhiteFideId "16248449"]
[BlackFideId "16241177"]
[EventCountry "GER"]
[EventRounds "7"]
[EventType "swiss"]
[EventDate "2020.10.19"]

1. e4 {[%clk 1:30:56]} c5 {[%clk 1:30:53]} 2. d4 {[%clk 1:31:20]} cxd4 {[%clk
1:31:14]} 3. c3 {[%clk 1:31:47]} d5 {[%clk 1:31:34]} 4. exd5 {[%clk 1:32:11]}
Qxd5 {[%clk 1:31:56]} 5. cxd4 {[%clk 1:32:19]} Nc6 {[%clk 1:31:55]} 6. Nf3
{[%clk 1:32:32]} e6 {[%clk 1:30:55]} 7. Nc3 {[%clk 1:32:04]} Qd8 {[%clk
1:30:53]} 8. a3 {[%clk 1:24:20]} Be7 {[%clk 1:29:36]} 9. Bc4 {[%clk 1:21:44]}
Nf6 {[%clk 1:29:38]} 10. Bg5 {[%clk 1:21:44]} O-O {[%clk 1:29:28]} 11. O-O
{[%clk 1:22:02]} Na5 {[%clk 1:27:59]} 12. Ba2 {[%clk 1:20:34]} b6 {[%clk
1:26:05]} 13. Qd3 {[%clk 1:19:45]} Bb7 {[%clk 1:23:36]} 14. Rad1 {[%clk
1:19:04]} h6 {[%clk 1:18:27]} 15. Bh4 {[%clk 1:18:02]} Nd5 {[%clk 1:12:27]} 16.
Bxe7 {[%clk 1:00:17]} Nxe7 {[%clk 1:09:59]} 17. Ne5 {[%clk 0:50:44]} Nac6
{[%clk 1:03:31]} 18. Bb1 {[%clk 0:40:49]} g6 {[%clk 1:02:25]} 19. Qe3 {[%clk
0:39:51]} Kg7 {[%clk 0:58:19]} 20. Rfe1 {[%clk 0:28:08]} Nd5 {[%clk 0:51:59]}
21. Nxd5 {[%clk 0:27:37]} Qxd5 {[%clk 0:51:47]} 22. Be4 {[%clk 0:25:56]} Qd6
{[%clk 0:51:14]} 23. Qg3 {[%clk 0:09:43]} Nxd4 {[%clk 0:42:36]} 24. Rxd4 {[%clk
0:08:57]} Qxd4 {[%clk 0:42:42]} 25. Bxb7 {[%clk 0:09:24]} Qd2 {[%clk 0:42:00]}
26. Nf3 {[%clk 0:09:01]} Qxb2 {[%clk 0:41:23]} 27. Bxa8 {[%clk 0:09:24]} Rxa8
{[%clk 0:41:46]} 28. Ne5 {[%clk 0:04:50]} Qd2 {[%clk 0:40:47]} 29. Rf1 {[%clk
0:04:18]} Rc8 {[%clk 0:39:54]} 30. Qf3 {[%clk 0:04:18]} Rc7 {[%clk 0:39:17]}
31. Rd1 {[%clk 0:02:50]} Qc3 {[%clk 0:39:35]} 32. Qf4 {[%clk 0:01:16]} g5
{[%clk 0:32:06]} 33. Qe3 {[%clk 0:00:51]} Rc5 {[%clk 0:29:30]} 34. Nd3 {[%clk
0:00:40]} Rd5 {[%clk 0:28:47]} 35. h3 Qxa3 1/2-1/2

[Event "DEM U16 2020"]
[Site "Willingen GER"]
[Date "2020.10.23"]
[Round "6"]
[White "Lohr, Maximilian"]
[Black "Simukov, Erik"]
[Result "1-0"]
[Termination "normal"]
[Board "12"]
[WhiteElo "2108"]
[BlackElo "2012"]
[WhiteClock "00:54:53"]
[BlackClock "01:16:20"]
[PlyCount "25"]
[WhiteFideId "12999717"]
[BlackFideId "12995380"]
[EventCountry "GER"]
[EventRounds "7"]
[EventType "swiss"]
[EventDate "2020.10.19"]

1. e4 {[%clk 1:30:58]} e5 {[%clk 1:30:53]} 2. Nf3 {[%clk 1:31:23]} Nc6 {[%clk
1:31:15]} 3. d4 {[%clk 1:31:49]} exd4 {[%clk 1:31:36]} 4. Nxd4 {[%clk 1:32:12]}
Bc5 {[%clk 1:31:49]} 5. Nb3 {[%clk 1:32:37]} Bb6 {[%clk 1:31:57]} 6. Nc3 {[%clk
1:32:59]} Nge7 {[%clk 1:27:33]} 7. Bg5 {[%clk 1:33:01]} a6 {[%clk 1:22:48]} 8.
Nd5 {[%clk 1:29:07]} Ba7 {[%clk 1:22:21]} 9. Qh5 {[%clk 1:18:06]} d6 {[%clk
1:15:45]} 10. Bc4 {[%clk 1:13:47]} Qd7 {[%clk 1:15:38]} 11. Nxe7 {[%clk
0:59:05]} Nxe7 {[%clk 1:15:57]} 12. Qxf7+ {[%clk 0:58:38]} Kd8 {[%clk 1:16:20]}
13. Qxg7 {[%clk 0:54:53]} 1-0

[Event "DEM U16w 2020"]
[Site "Willingen GER"]
[Date "2020.10.21"]
[Round "3"]
[White "Butenandt, Svenja"]
[Black "Brunner, Sophia"]
[Result "1/2-1/2"]
[Termination "normal"]
[Board "1"]
[WhiteElo "1986"]
[BlackElo "1850"]
[WhiteClock "00:03:04"]
[BlackClock "00:01:35"]
[PlyCount "79"]
[WhiteFideId "12993859"]
[BlackFideId "12960683"]
[EventCountry "GER"]
[EventRounds "7"]
[EventType "swiss"]
[EventDate "2020.10.19"]

1. d4 {[%clk 1:30:58]} d5 {[%clk 1:30:55]} 2. c4 {[%clk 1:31:24]} c6 {[%clk
1:31:16]} 3. Nc3 {[%clk 1:31:47]} Nf6 {[%clk 1:31:38]} 4. Nf3 {[%clk 1:32:10]}
e6 {[%clk 1:31:58]} 5. Bg5 {[%clk 1:32:15]} dxc4 {[%clk 1:32:14]} 6. e4 {[%clk
1:32:31]} b5 {[%clk 1:32:35]} 7. e5 {[%clk 1:32:52]} h6 {[%clk 1:32:59]} 8. Bh4
{[%clk 1:33:10]} g5 {[%clk 1:33:24]} 9. Nxg5 {[%clk 1:33:22]} hxg5 {[%clk
1:33:49]} 10. Bxg5 {[%clk 1:33:48]} Nbd7 {[%clk 1:34:13]} 11. g3 {[%clk
1:33:37]} Bb7 {[%clk 1:34:32]} 12. Bg2 {[%clk 1:33:54]} Qb6 {[%clk 1:34:47]}
13. exf6 {[%clk 1:33:36]} O-O-O {[%clk 1:35:05]} 14. O-O {[%clk 1:33:54]} c5
{[%clk 1:35:29]} 15. d5 {[%clk 1:33:30]} b4 {[%clk 1:35:50]} 16. Na4 {[%clk
1:33:51]} Qa6 {[%clk 1:36:12]} 17. a3 {[%clk 1:31:19]} Bxd5 {[%clk 1:36:33]}
18. Bxd5 {[%clk 1:29:47]} Ne5 {[%clk 1:36:45]} 19. axb4 {[%clk 1:14:55]} Rxd5
{[%clk 1:34:17]} 20. Qe2 {[%clk 1:14:29]} cxb4 {[%clk 1:34:14]} 21. Nc3 {[%clk
0:56:09]} Qc6 {[%clk 1:34:35]} 22. Nxd5 {[%clk 0:54:55]} Qxd5 {[%clk 1:35:00]}
23. f3 {[%clk 0:54:56]} Bc5+ {[%clk 1:35:19]} 24. Be3 {[%clk 0:53:38]} Nd3
{[%clk 1:35:37]} 25. Bxc5 {[%clk 0:42:06]} Qxc5+ {[%clk 1:35:58]} 26. Kh1
{[%clk 0:41:05]} Rd8 {[%clk 1:28:43]} 27. Qc2 {[%clk 0:34:11]} Kb7 {[%clk
1:08:53]} 28. Kg2 {[%clk 0:23:35]} a5 {[%clk 1:01:30]} 29. Rfd1 {[%clk
0:16:57]} Qe3 {[%clk 0:29:34]} 30. Rxd3 {[%clk 0:13:15]} cxd3 {[%clk 0:11:41]}
31. Qf2 {[%clk 0:10:02]} Qe5 {[%clk 0:09:53]} 32. f4 {[%clk 0:06:34]} Qb5
{[%clk 0:04:51]} 33. Qf3+ {[%clk 0:06:11]} Kb8 {[%clk 0:02:38]} 34. Qe4 {[%clk
0:04:23]} d2 {[%clk 0:01:28]} 35. Rd1 {[%clk 0:04:42]} Rd5 {[%clk 0:01:24]} 36.
Qe3 {[%clk 0:04:26]} Qc6 {[%clk 0:01:27]} 37. Kf2 {[%clk 0:03:59]} Qd6 {[%clk
0:01:05]} 38. Ke2 {[%clk 0:03:03]} Qa6+ {[%clk 0:01:29]} 39. Kf2 {[%clk
0:03:23]} Qd6 {[%clk 0:01:35]} 40. Ke2 {[%clk 0:03:04]} 1/2-1/2

[Event "DEM U16w 2020"]
[Site "Willingen GER"]
[Date "2020.10.21"]
[Round "3"]
[White "Heutling, Elina"]
[Black "Bardorz, Jana"]
[Result "1-0"]
[Termination "normal"]
[Board "2"]
[WhiteElo "1873"]
[BlackElo "1960"]
[WhiteClock "00:01:01"]
[BlackClock "00:01:02"]
[PlyCount "117"]
[WhiteFideId "16244729"]
[BlackFideId "16208897"]
[EventCountry "GER"]
[EventRounds "7"]
[EventType "swiss"]
[EventDate "2020.10.19"]

1. e4 {[%clk 1:30:58]} e5 {[%clk 1:30:54]} 2. Nf3 {[%clk 1:31:23]} Nc6 {[%clk
1:31:19]} 3. Bb5 {[%clk 1:31:48]} a6 {[%clk 1:31:45]} 4. Ba4 {[%clk 1:32:13]}
d6 {[%clk 1:32:10]} 5. c3 {[%clk 1:32:05]} Bd7 {[%clk 1:32:12]} 6. d4 {[%clk
1:31:15]} g6 {[%clk 1:31:06]} 7. O-O {[%clk 1:31:10]} Bg7 {[%clk 1:30:56]} 8.
Re1 {[%clk 1:29:43]} Nf6 {[%clk 1:29:54]} 9. Nbd2 {[%clk 1:26:21]} O-O {[%clk
1:30:02]} 10. h3 {[%clk 1:26:13]} Re8 {[%clk 1:29:21]} 11. d5 {[%clk 1:25:24]}
Nb8 {[%clk 1:22:26]} 12. Bc2 {[%clk 1:25:38]} b5 {[%clk 1:17:20]} 13. Nf1
{[%clk 1:13:11]} Qe7 {[%clk 1:10:15]} 14. b3 {[%clk 1:06:22]} c6 {[%clk
1:09:26]} 15. dxc6 {[%clk 1:05:54]} Nxc6 {[%clk 1:06:18]} 16. Ba3 {[%clk
1:06:03]} Bf8 {[%clk 1:03:10]} 17. Qd3 {[%clk 0:53:22]} Rad8 {[%clk 0:57:09]}
18. Rad1 {[%clk 0:51:54]} Bc8 {[%clk 0:56:52]} 19. Ne3 {[%clk 0:48:50]} Qc7
{[%clk 0:54:07]} 20. Bb2 {[%clk 0:30:38]} Bb7 {[%clk 0:50:15]} 21. Qe2 {[%clk
0:26:08]} Ne7 {[%clk 0:42:41]} 22. Nf1 {[%clk 0:25:17]} d5 {[%clk 0:38:11]} 23.
Ng3 {[%clk 0:23:23]} Bg7 {[%clk 0:33:53]} 24. exd5 {[%clk 0:15:23]} Nexd5
{[%clk 0:33:18]} 25. Ne4 {[%clk 0:12:40]} Nf4 {[%clk 0:29:54]} 26. Nxf6+ {[%clk
0:12:20]} Bxf6 {[%clk 0:30:17]} 27. Qe3 {[%clk 0:11:09]} Nd5 {[%clk 0:24:48]}
28. Qh6 {[%clk 0:05:59]} Bg7 {[%clk 0:22:48]} 29. Qh4 {[%clk 0:04:39]} f6
{[%clk 0:15:21]} 30. Rd3 {[%clk 0:02:24]} Rd7 {[%clk 0:06:37]} 31. c4 {[%clk
0:02:02]} bxc4 {[%clk 0:05:38]} 32. bxc4 {[%clk 0:02:01]} Nb6 {[%clk 0:04:47]}
33. Rxd7 {[%clk 0:02:04]} Nxd7 {[%clk 0:05:07]} 34. Be4 {[%clk 0:00:58]} Nc5
{[%clk 0:04:22]} 35. Bxb7 {[%clk 0:00:57]} Qxb7 {[%clk 0:04:46]} 36. Bc3 {[%clk
0:00:52]} Qc7 {[%clk 0:02:53]} 37. Rd1 {[%clk 0:00:45]} Rd8 {[%clk 0:02:30]}
38. Rxd8+ {[%clk 0:00:42]} Qxd8 {[%clk 0:02:55]} 39. Nd2 {[%clk 0:00:45]} Qd3
{[%clk 0:01:16]} 40. Bb4 {[%clk 0:00:42]} Ne6 {[%clk 0:01:08]} 41. Qg4 {[%clk
0:15:28]} f5 {[%clk 0:27:51]} 42. Qd1 {[%clk 0:12:40]} Qd7 {[%clk 0:23:52]} 43.
Qf3 {[%clk 0:11:42]} Kf7 {[%clk 0:15:32]} 44. Qa8 {[%clk 0:08:01]} Bf8 {[%clk
0:13:49]} 45. Bxf8 {[%clk 0:05:39]} Nxf8 {[%clk 0:12:33]} 46. Nb3 {[%clk
0:04:15]} Qd1+ {[%clk 0:10:00]} 47. Kh2 {[%clk 0:04:35]} Qd6 {[%clk 0:08:12]}
48. c5 {[%clk 0:04:22]} Qc7 {[%clk 0:07:31]} 49. Qxa6 {[%clk 0:03:51]} e4+
{[%clk 0:04:25]} 50. g3 {[%clk 0:03:14]} Nd7 {[%clk 0:04:10]} 51. Qc4+ {[%clk
0:02:43]} Kf6 {[%clk 0:03:05]} 52. a4 {[%clk 0:02:36]} Ne5 {[%clk 0:02:24]} 53.
Qc3 {[%clk 0:02:01]} Ke6 {[%clk 0:02:21]} 54. a5 {[%clk 0:01:20]} f4 {[%clk
0:01:21]} 55. Nd4+ {[%clk 0:00:48]} Ke7 {[%clk 0:01:13]} 56. gxf4 {[%clk
0:00:49]} Nf3+ {[%clk 0:01:11]} 57. Nxf3 {[%clk 0:01:03]} Qxf4+ {[%clk
0:01:22]} 58. Kg1 {[%clk 0:00:38]} exf3 {[%clk 0:01:02]} 59. Qe3+ {[%clk
0:01:01]} 1-0

[Event "DEM U16w 2020"]
[Site "Willingen GER"]
[Date "2020.10.21"]
[Round "3"]
[White "Reuter, Elisa"]
[Black "Schnabel, Luise"]
[Result "1-0"]
[Termination "normal"]
[Board "3"]
[WhiteElo "1860"]
[BlackElo "1867"]
[WhiteClock "00:45:36"]
[BlackClock "00:05:31"]
[PlyCount "61"]
[WhiteFideId "12995444"]
[BlackFideId "12943347"]
[EventCountry "GER"]
[EventRounds "7"]
[EventType "swiss"]
[EventDate "2020.10.19"]

1. e4 {[%clk 1:30:58]} Nf6 {[%clk 1:30:35]} 2. e5 {[%clk 1:31:25]} Nd5 {[%clk
1:30:55]} 3. d4 {[%clk 1:31:51]} d6 {[%clk 1:31:15]} 4. exd6 {[%clk 1:32:17]}
cxd6 {[%clk 1:31:33]} 5. c4 {[%clk 1:32:43]} Nb6 {[%clk 1:31:54]} 6. Nc3 {[%clk
1:33:10]} g6 {[%clk 1:31:53]} 7. Be3 {[%clk 1:33:33]} Bg7 {[%clk 1:31:57]} 8.
Rc1 {[%clk 1:33:51]} O-O {[%clk 1:32:02]} 9. b3 {[%clk 1:34:17]} Nc6 {[%clk
1:31:31]} 10. d5 {[%clk 1:34:36]} Ne5 {[%clk 1:31:08]} 11. Be2 {[%clk 1:34:52]}
h5 {[%clk 1:29:38]} 12. h3 {[%clk 1:31:57]} e6 {[%clk 1:21:43]} 13. dxe6 {[%clk
1:30:44]} Bxe6 {[%clk 1:20:15]} 14. Nf3 {[%clk 1:26:27]} Rc8 {[%clk 1:12:41]}
15. O-O {[%clk 1:22:32]} f5 {[%clk 0:59:30]} 16. Qd2 {[%clk 1:19:31]} Qe7
{[%clk 0:51:31]} 17. Nb5 {[%clk 1:18:05]} Rcd8 {[%clk 0:41:58]} 18. Nxa7 {[%clk
1:16:33]} Nbd7 {[%clk 0:40:40]} 19. Nb5 {[%clk 1:12:36]} Nc5 {[%clk 0:35:16]}
20. Bg5 {[%clk 1:07:06]} Bf6 {[%clk 0:28:14]} 21. Bxf6 {[%clk 1:03:55]} Rxf6
{[%clk 0:26:15]} 22. Nc3 {[%clk 0:58:52]} Rff8 {[%clk 0:20:27]} 23. Nd4 {[%clk
0:55:31]} Bf7 {[%clk 0:17:44]} 24. f4 {[%clk 0:53:56]} Nc6 {[%clk 0:15:53]} 25.
Bf3 {[%clk 0:52:35]} Qd7 {[%clk 0:12:09]} 26. Nd5 {[%clk 0:50:38]} Bxd5 {[%clk
0:11:13]} 27. Bxd5+ {[%clk 0:50:18]} Kh7 {[%clk 0:10:51]} 28. Nf3 {[%clk
0:49:14]} Ne7 {[%clk 0:07:22]} 29. Ng5+ {[%clk 0:48:59]} Kg7 {[%clk 0:06:37]}
30. b4 {[%clk 0:46:41]} Nxd5 {[%clk 0:05:31]} 31. Qxd5 {[%clk 0:45:36]} 1-0

[Event "DEM U16w 2020"]
[Site "Willingen GER"]
[Date "2020.10.21"]
[Round "3"]
[White "Yue, Qizhou"]
[Black "Rudolph, Eva"]
[Result "0-1"]
[Termination "normal"]
[Board "4"]
[WhiteElo "1775"]
[BlackElo "1836"]
[WhiteClock "00:01:06"]
[BlackClock "00:03:43"]
[PlyCount "84"]
[WhiteFideId "16273800"]
[BlackFideId "16200594"]
[EventCountry "GER"]
[EventRounds "7"]
[EventType "swiss"]
[EventDate "2020.10.19"]

1. e4 {[%clk 1:30:58]} e6 {[%clk 1:30:54]} 2. d4 {[%clk 1:31:22]} d5 {[%clk
1:31:19]} 3. Nd2 {[%clk 1:31:46]} c5 {[%clk 1:31:43]} 4. exd5 {[%clk 1:24:07]}
exd5 {[%clk 1:31:56]} 5. Ngf3 {[%clk 1:20:06]} Nf6 {[%clk 1:31:45]} 6. Bd3
{[%clk 1:19:26]} c4 {[%clk 1:29:19]} 7. Be2 {[%clk 1:19:11]} Nc6 {[%clk
1:27:03]} 8. O-O {[%clk 1:17:17]} Bd6 {[%clk 1:26:30]} 9. Re1 {[%clk 1:12:55]}
O-O {[%clk 1:26:39]} 10. Nf1 {[%clk 1:11:18]} Ne4 {[%clk 1:20:52]} 11. c3
{[%clk 1:07:35]} Bf5 {[%clk 1:14:36]} 12. Ne3 {[%clk 1:04:26]} Be6 {[%clk
1:10:41]} 13. Bxc4 {[%clk 0:56:31]} Bc7 {[%clk 0:48:14]} 14. Bd3 {[%clk
0:52:36]} f5 {[%clk 0:44:42]} 15. Nf1 {[%clk 0:47:25]} Qf6 {[%clk 0:42:23]} 16.
Ng3 {[%clk 0:44:30]} Kh8 {[%clk 0:33:47]} 17. Nh5 {[%clk 0:39:42]} Qf7 {[%clk
0:29:00]} 18. Ng5 {[%clk 0:33:21]} Nxg5 {[%clk 0:24:49]} 19. Bxg5 {[%clk
0:32:59]} f4 {[%clk 0:21:56]} 20. Qf3 {[%clk 0:12:38]} Bf5 {[%clk 0:21:43]} 21.
Nxf4 {[%clk 0:03:54]} Bxf4 {[%clk 0:20:52]} 22. Bxf4 {[%clk 0:03:59]} Bxd3
{[%clk 0:20:56]} 23. Qxd3 {[%clk 0:04:17]} Qxf4 {[%clk 0:21:01]} 24. Re2 {[%clk
0:04:10]} Rae8 {[%clk 0:19:43]} 25. f3 {[%clk 0:03:09]} Qf7 {[%clk 0:12:32]}
26. Rae1 {[%clk 0:02:46]} Kg8 {[%clk 0:12:04]} 27. Qb5 {[%clk 0:02:43]} Rxe2
{[%clk 0:11:35]} 28. Qxe2 {[%clk 0:02:59]} Rc8 {[%clk 0:10:38]} 29. a3 {[%clk
0:01:53]} Rc7 {[%clk 0:09:09]} 30. Qd3 {[%clk 0:01:32]} Re7 {[%clk 0:08:21]}
31. Rxe7 {[%clk 0:01:43]} Qxe7 {[%clk 0:08:49]} 32. Kf1 {[%clk 0:01:51]} Qd7
{[%clk 0:06:55]} 33. b4 {[%clk 0:01:31]} Ne7 {[%clk 0:06:03]} 34. c4 {[%clk
0:01:15]} dxc4 {[%clk 0:04:36]} 35. Qxc4+ {[%clk 0:01:39]} Qd5 {[%clk 0:04:54]}
36. Qxd5+ {[%clk 0:01:22]} Nxd5 {[%clk 0:05:16]} 37. Ke2 {[%clk 0:01:31]} Kf7
{[%clk 0:05:35]} 38. g3 {[%clk 0:01:51]} Ke6 {[%clk 0:05:22]} 39. Kd3 {[%clk
0:02:04]} b5 {[%clk 0:04:35]} 40. f4 {[%clk 0:01:34]} Kf5 {[%clk 0:03:41]} 41.
h3 {[%clk 0:01:33]} h5 {[%clk 0:03:43]} 42. h4 {[%clk 0:01:06]} g6 0-1

[Event "DEM U16w 2020"]
[Site "Willingen GER"]
[Date "2020.10.21"]
[Round "3"]
[White "Peglau, Mirjam"]
[Black "Cheredzhiyska, Iva"]
[Result "1-0"]
[Termination "normal"]
[Board "5"]
[WhiteElo "1909"]
[BlackElo "1674"]
[WhiteClock "00:36:04"]
[BlackClock "00:12:34"]
[PlyCount "103"]
[WhiteFideId "16211138"]
[BlackFideId "16241622"]
[EventCountry "GER"]
[EventRounds "7"]
[EventType "swiss"]
[EventDate "2020.10.19"]

1. d4 {[%clk 1:30:59]} d5 {[%clk 1:30:38]} 2. Nf3 {[%clk 1:31:22]} Nf6 {[%clk
1:30:27]} 3. Bf4 {[%clk 1:31:46]} e6 {[%clk 1:30:07]} 4. e3 {[%clk 1:31:53]} c5
{[%clk 1:24:55]} 5. c3 {[%clk 1:26:04]} Nc6 {[%clk 1:17:27]} 6. Nbd2 {[%clk
1:25:14]} Bd7 {[%clk 1:06:49]} 7. Be2 {[%clk 1:24:24]} Be7 {[%clk 1:02:07]} 8.
O-O {[%clk 1:24:25]} O-O {[%clk 1:01:22]} 9. Ne5 {[%clk 1:23:33]} c4 10. Qc2 b5
{[%clk 0:54:46]} 11. Bf3 {[%clk 1:17:59]} Rc8 {[%clk 0:50:52]} 12. Rfd1 {[%clk
1:15:18]} a5 {[%clk 0:43:06]} 13. e4 {[%clk 1:13:26]} b4 {[%clk 0:40:35]} 14.
Bg5 {[%clk 1:05:38]} Be8 {[%clk 0:34:27]} 15. exd5 {[%clk 1:00:34]} exd5 {[%clk
0:32:50]} 16. Qf5 {[%clk 0:56:57]} Nxe5 {[%clk 0:26:48]} 17. dxe5 {[%clk
0:47:12]} Bd7 {[%clk 0:26:47]} 18. Qc2 {[%clk 0:44:13]} Ng4 {[%clk 0:25:04]}
19. Bxe7 {[%clk 0:43:01]} Qxe7 {[%clk 0:25:17]} 20. Bxd5 {[%clk 0:37:48]} Qxe5
{[%clk 0:23:35]} 21. Nf3 {[%clk 0:38:01]} Qc7 {[%clk 0:21:55]} 22. cxb4 {[%clk
0:36:41]} axb4 {[%clk 0:22:16]} 23. Rac1 {[%clk 0:31:12]} Bb5 {[%clk 0:19:38]}
24. Qf5 {[%clk 0:29:50]} Nf6 {[%clk 0:19:15]} 25. Bxf7+ {[%clk 0:28:44]} Qxf7
{[%clk 0:17:07]} 26. Qxb5 {[%clk 0:29:13]} Ne4 {[%clk 0:13:30]} 27. Rd7 {[%clk
0:25:56]} Rc5 {[%clk 0:07:29]} 28. Rxf7 {[%clk 0:25:01]} Rxb5 {[%clk 0:07:48]}
29. Rxf8+ {[%clk 0:25:21]} Kxf8 {[%clk 0:08:08]} 30. Rxc4 {[%clk 0:25:24]} Nd6
{[%clk 0:08:11]} 31. Rd4 {[%clk 0:25:02]} Ke7 {[%clk 0:07:58]} 32. Kf1 {[%clk
0:24:30]} b3 {[%clk 0:06:25]} 33. axb3 Rxb3 {[%clk 0:06:36]} 34. Nd2 {[%clk
0:23:05]} Rb5 {[%clk 0:03:12]} 35. b3 Nf5 {[%clk 0:03:12]} 36. Rc4 {[%clk
0:22:08]} Kd7 {[%clk 0:03:13]} 37. Ke2 {[%clk 0:20:14]} Nd6 {[%clk 0:02:12]}
38. Rd4 {[%clk 0:19:35]} Ke7 {[%clk 0:02:06]} 39. Kd3 {[%clk 0:17:17]} Nf7
{[%clk 0:01:03]} 40. f4 {[%clk 0:17:14]} Nh6 {[%clk 0:00:42]} 41. Kc4 {[%clk
0:16:15]} Rb7 {[%clk 0:00:34]} 42. Re4+ {[%clk 0:13:32]} Kf6 {[%clk 0:29:13]}
43. b4 {[%clk 0:43:19]} Nf5 {[%clk 0:25:42]} 44. Kb3 {[%clk 0:42:24]} Nd6
{[%clk 0:24:52]} 45. Re5 {[%clk 0:41:28]} Nf7 {[%clk 0:20:16]} 46. Ne4+ {[%clk
0:40:26]} Kg6 {[%clk 0:19:41]} 47. Rd5 {[%clk 0:40:34]} h6 {[%clk 0:18:20]} 48.
Kc4 {[%clk 0:37:40]} Rb8 {[%clk 0:16:13]} 49. b5 {[%clk 0:37:38]} Rc8+ {[%clk
0:14:51]} 50. Nc5 {[%clk 0:37:04]} Rb8 {[%clk 0:13:43]} 51. g4 {[%clk 0:36:36]}
Nd8 {[%clk 0:12:34]} 52. Rd7 {[%clk 0:36:04]} 1-0